Villes méditerranéennes les plus peuplées sur une carte - Statistiques

Statistiques générales
  • Ce quiz a été pris 78 fois
  • Le résultat moyen est 14 sur 18
Réponses sur la Carte
Les réponses sont colorées sur une échelle allant du rouge au vert en fonction du pourcentage des utilisateurs qui les ont devinées à leur premier essai. Vous pouvez retrouver ces pourcentages ci-dessous.
 
Statistiques - réponses
Pays Population Ville % Correct
France 1 710 000 Marseille
100%
Algérie 4 325 000 Alger
99%
Espagne 4 875 000 Barcelone
99%
Grèce 3 575 000 Athènes
97%
Italie 3 425 000 Rome
97%
Tunisie 2 725 000 Tunis
97%
Italie 4 050000 Naples
94%
Espagne 1 940 000 Valence
90%
Égypte 6 250 000 Alexandrie
86%
Liban 1 930 000 Beyrouth
83%
Israël 3 000 000 Tel Aviv
78%
Libye 1 870 000 Tripoli
75%
Palestine 2 275 000 Gaza
71%
Algérie 1 640 000 Oran
71%
Espagne 1 100 000 Malaga
67%
Turquie 3 025 000 Izmir
57%
Turquie 1 400000 Antalya
49%
Tunisie 1 180 000 Sousse
19%
Aucun quiz correspondant
Distribution des résultats
% des personnes avec chaque résultat
Percentile par nombre de réponses
Votre historique - résultats
Vous n’avez pas pris ce quiz